| 000 | 00742nam a2200241 a 4500 | ||
|---|---|---|---|
| 999 |
_c254 _d254 |
||
| 001 | 254 | ||
| 003 | BD-JhCC | ||
| 005 | 20220811134024.0 | ||
| 008 | 171003b2011 begp|||| |||| 000 0 beg d | ||
| 020 | _a9844580447 | ||
| 035 | _a(BD-JhCC)254 | ||
| 040 |
_aBD-JhCC _dBD-JhCC |
||
| 041 | _abeg | ||
| 082 |
_a891.443 _bAHE 2011 |
||
| 100 | _aআহমেদ ,হুমায়ূন | ||
| 245 |
_aএলেবেলে / _cহুমায়ূন আহমেদ , |
||
| 250 | _a১২তম | ||
| 260 |
_aঢাকা ঃ _bসময় প্রকাশন , _c২০১১ |
||
| 300 |
_a৭৮ পৃঃ _bill _c২২ সেমি. |
||
| 700 | _a আহমেদ ,হুমায়ূন । | ||
| 942 |
_2ddc _cBK _02 |
||